000 aam a22 a 4500
999 _c4640
_d4640
003 AKMAL
005 20170711092600.0
008 170711s2015 my a e o001 0 eng d
020 _a9789675842085
_qpaperback
082 0 4 _a338.9595 ELE
_223
090 0 0 _a338.9595
_bELE
110 1 _aMalaysia,
_eissuing body.
_9400
245 1 0 _aELEVENTH MALAYSIA PLAN 2016-2020 :
_bANCHORING GROWTH ON PEOPLE /
_cForeword Dato' Sri Mohd Najib bin Tun Haji Abdul Razak
264 1 _aPutrajaya :
_bEconomic Planning Unit,
_c2015
300 _aii, 1 volume (various pagings) :
_bcolour illustrations ;
_c27 cm
500 _aIncludes index
500 _aAlso available in bahasa Malaysia
650 1 0 _aEconomic forecasting
_zMalaysia
_982
650 2 0 _aEconomic development projects
_zMalaysia
_91337
651 0 _aMalaysia
_xEconomic policy
_y2016-2020
_91338
700 0 _aMohd. Najib Tun Haji Abdul Razak,
_cDato' Sri,
_d1953-
_ewriter of foreword.
_9528
710 1 _aMalaysia.
_bJabatan Perdana Menteri.
_bUnit Perancang Ekonomi,
_eissuing body.
_98924
942 _2ddc
_cBOOK